000 00556nam a2200181Ia 4500
008 100920s9999 xx 000 0 und d
082 _b83661
_a22 थ 82
100 _aLEVANT LEONID.
245 _aPROBLEMS IN ELEMENTARY MATHEMATICS FOR HOME STUDY.
260 _bMIR PUBLISHERS, MOWCOW.
_c1982
300 _a406
_bसाधी
365 _b0
520 _aएस.सी.
630 _aPROBLEMS IN ELEMENTARY MATHEMATICS FOR HOME STUDY.
650 _aएस.सी.
730 _aPROBLEMS IN ELEMENTARY MATHEMATICS FOR HOME STUDY.
942 _cBOOK
999 _c724274
_d724271